| 000 | 03652nam a2200613 a 4500 | ||
|---|---|---|---|
| 001 | 143911 | ||
| 003 | BLK | ||
| 005 | 20240726105917.0 | ||
| 008 | 180410b bul|||||r ||||||| ||bul|| | ||
| 010 | _aKNG00150060000 | ||
| 040 | _aBLK | ||
| 041 |
_aBUL _cBUL |
||
| 072 | 7 |
_2bullib _aК _xКраезнание |
|
| 080 |
_aАприлско въстание (1876). Четата на Хр. Ботев _b94(497.2)"1876" _z94(497.2)"1876" |
||
| 100 | 1 |
_aКосев, Константин Димитров _eпърви автор _9363863 |
|
| 139 |
_aКосев, Константин Димитров и др. _bК 86 |
||
| 245 | 1 | 0 |
_aИстория на Априлското въстание 1876 _cКонстантин Димитров Косев, Николай Жечев, Дойно Христосков Дойнов |
| 257 | _aBGR | ||
| 260 |
_aСофия _bПартиздат _c1976 |
||
| 300 |
_a624 с. _b58 л. ил., портр., факс., к. _c22 см |
||
| 380 | _a9 | ||
| 500 | _a Авт. не са отбелязани на кор. - Библиогр. след разделите. - Рез. на рус., англ., фр. ез. - Именен и геогр. показалци. | ||
| 500 | _aЗа революционната дейност на Димитър Атанасов (Русчуклийчето) - с. 239; 244; 245; 414. | ||
| 500 | _aЗа Никола Балкански - роднина и последовател на Раковски. Подпомага революционната дейност в Румъния. Обезпечава с храна и оъжие четата на П. Хитов - с. 69, 129. | ||
| 500 | _aЗа революционната дейност на Тома Кърджиев с.176,180,197,203, 204, 205, 213, 220,221, 226, 227, 233,234 ,256,264,265,270,337,342,343,463,464,465,479 | ||
| 500 | _aЗа революционната дейност на Стефан Караджа - с. 69, 88, 97, 117, 125, 132, 133, 134, 136, 158, 431, 563. | ||
| 520 | _aЗа революционната дейност на Панайот Волов на с. 74,84,100,172,175,180,182,200,225-227,232,236,239,262,278,286-289,293-297,300-304308,312,313,318,321,349,350,361,362,364,372,378-380,384,407 | ||
| 520 | _aЗа революционната дейност на Филип Тотю на с. 67, 84, 88, 97, 126, 130-132, 134, 149-150, 177, 203, 223, 330, 334, 338, 464, 466, 468, 563. | ||
| 650 | 7 |
_aАприлско въстание, 1876 г. _9147292 |
|
| 651 | 4 |
_aБългария _9241624 |
|
| 653 | _aбългарска история | ||
| 653 | _aАприлско въстание | ||
| 653 |
_aПанайот Волов _9193271 |
||
| 653 |
_aФилип Тотю _9199316 |
||
| 659 | _aК | ||
| 700 | 1 |
_aЖечев, Николай _qНиколов, Николай Жечев _d1929 - _gБългарски историк _968364 |
|
| 700 | 1 |
_aДойнов, Дойно Христосков _eсъавт. _qБълг. историк. Фигурира и като Дойно Христов Дойнов _9363734 |
|
| 852 |
_aЦб 80456 _bЦб |
||
| 852 | _aК 94(497.2)"1876"/К 86 К | ||
| 856 | 4 |
_qpdf _i0.00 _ldisable |
|
| 856 | 4 |
_qpdf _i0.00 _ldisable |
|
| 942 |
_cKNG _n0 _s1 _02 |
||
| 944 |
_aCR _c02.09.2013 _lВася Ганчева _k30549 |
||
| 944 |
_aED _c02.03.2018 _l02.09.2013 - от С1,Р / 02.09.2013 _kМикаела_Микова-Илиев |
||
| 999 |
_c143911 _d143911 |
||
| 999 | _d143911 | ||
| 999 | _d143911 | ||
| 999 | _d143911 | ||
| 999 | _d143911 | ||
| 999 | _d143911 | ||
| 999 | _d143911 | ||
| 999 | _d143911 | ||
| 999 | _d143911 | ||
| 999 | _d143911 | ||